Azonosulás, elitek, peremlét

Elmentve itt :
Bibliográfiai részletek
Szerző: BODÓ Barna
Adatforrás:Meister
Forrásdokumentuma:A Hét. -
43 ; 44 ; 45 sz., 1997, 9 ; 10-11 ; 10-11 p.
Nyelv:magyar
Kulcsszavak:demográfia
gazdaságtörténet
faluszociológia
iskolák
magyarok (romániai)
társadalmi mobilitás
mobilitás (társadalmi)
vegyesházasságok
vállalkozók
magyar oktatás (romániai)
nemzeti identitás
oktatás
társadalom
Bánság
LEADER 00767nab a2200277 i 4500
001 bibPRO00007270
008 060524s1997 xx hun
040 |a Sz1 
041 |a hun 
100 1 |a BODÓ Barna 
245 1 0 |a Azonosulás, elitek, peremlét  |c BODÓ Barna 
695 |a demográfia 
695 |a gazdaságtörténet 
695 |a faluszociológia 
695 |a iskolák 
695 |a magyarok (romániai) 
695 |a társadalmi mobilitás 
695 |a mobilitás (társadalmi) 
695 |a vegyesházasságok 
695 |a vállalkozók 
695 |a magyar oktatás (romániai) 
695 |a nemzeti identitás 
695 |a oktatás 
695 |a társadalom 
695 |a Bánság 
773 0 |t A Hét. -  |g 43 ; 44 ; 45 sz., 1997, 9 ; 10-11 ; 10-11 p.